00397nam a2200145Ia 4500008004100000020001500041041001200056082002200068100001900090245005100109250001200160260002700172300001400199650003800213231217s9999 xx 000 0 und d a8131413004 aEnglish a658.315 SUJ;1 R aSujatha, D ed. 0aDiscrimination at workplace : a critical study a1st ed. c2007bIcfaiaHyderabad aviii, 254 aDiscrimination,workplace,critical